[Event "South America-ch U18 Girls 16th"]
[Site "Buenos Aires"]
[Date "2019.12.03"]
[Round "4.3"]
[White "Mostacero Velarde, Isabella Maribel"]
[Black "Borda Rodas, Anapaola S"]
[Result "0-1"]
[WhiteElo "1824"]
[BlackElo "2079"]
[PlyCount "80"]
[EventDate "2019.12.01"]
[EventType "swiss"]
[EventRounds "9"]
[EventCountry "ARG"]
[SourceTitle "EXT 2024"]
[Source "ChessBase"]
[SourceDate "2023.10.10"]
[SourceVersion "1"]
[SourceVersionDate "2023.10.10"]
[SourceQuality "1"]

1. e4 e5 2. Nf3 Nc6 3. Bc4 Bc5 4. 0-0 Nf6 5. d3 d6 6. h3 h6 7. c3 a5 8. Qe2 0-0 9. Rd1 Re8 10. Nbd2 a4 11. Nf1 Bd7 12. Ng3 Na5 13. b4 axb3 14. axb3 Nxb3 15. Rb1 Nxc1 16. Rdxc1 Bb6 17. Nd2 c6 18. Rb2 d5 19. Ba2 Bc5 20. Rcc2 b5 21. Qf3 Be6 22. Nf5 dxe4 23. Nxe4 Nxe4 24. Qxe4 Qf6 25. Bxe6 Qxe6 26. Re2 Bf8 27. Re1 g6 28. Nh4 Ra4 29. c4 bxc4 30. Rb6 f5 31. Qf3 cxd3 32. Rxc6 Bd6 33. Qxd3 Rd4 34. Qa6 e4 35. Qb6 Rd3 36. Qb5 Kf7 37. Qb1 Bh2+ 38. Kxh2 Qxc6 39. Rc1 Qe6 40. Kh1 Re7 0-1

[Event "Pan American-ch U18 Girls"]
[Site "Guayaquil"]
[Date "2019.07.24"]
[Round "6"]
[White "Mostacero Velarde, Isabella Maribel"]
[Black "Ramirez Toledo, Ayleen Maribel"]
[Result "1-0"]
[WhiteElo "1807"]
[BlackElo "1768"]
[PlyCount "57"]
[EventDate "2019.07.21"]
[EventType "swiss"]
[EventRounds "9"]
[EventCountry "ECU"]
[SourceTitle "EXT 2020"]
[Source "ChessBase"]
[SourceDate "2019.10.17"]
[SourceVersion "1"]
[SourceVersionDate "2019.10.17"]
[SourceQuality "1"]

1. e4 g6 2. d4 Bg7 3. f4 d6 4. h3 e5 5. dxe5 Qh4+ 6. Ke2 dxe5 7. Nf3 Qh5 8. Nc3 Ne7 9. Kf2 0-0 10. Be2 exf4 11. Bxf4 Qc5+ 12. Be3 Qb4 13. Nb5 Na6 14. e5 Nf5 15. Qd2 Nxe3 16. Qxe3 Qxb2 17. Nxa7 Qxc2 18. Rhc1 Qf5 19. Bxa6 bxa6 20. Rxc7 Be6 21. g4 Bh6 22. Qxh6 Qd3 23. Qe3 Qd8 24. Rac1 Bxa2 25. Qa3 Qd5 26. Nc6 Qb3 27. Ne7+ Kh8 28. Qd6 h6 29. Nd2 1-0

[Event "Pan American-ch U18 Girls"]
[Site "Santiago de Chile"]
[Date "2018.07.23"]
[Round "2"]
[White "Malan, Lucia"]
[Black "Mostacero Velarde, Isabella Maribel"]
[Result "0-1"]
[WhiteElo "1753"]
[BlackElo "1944"]
[PlyCount "60"]
[EventDate "2018.07.22"]
[EventType "swiss"]
[EventRounds "9"]
[EventCountry "CHI"]
[SourceTitle "EXT 2022"]
[Source "ChessBase"]
[SourceDate "2021.10.06"]
[SourceVersion "1"]
[SourceVersionDate "2021.10.06"]
[SourceQuality "1"]

1. e4 c5 2. Nf3 a6 3. d4 cxd4 4. Nxd4 Nf6 5. Nc3 e5 6. Nb3 Bb4 7. Bd3 Bxc3+ 8. bxc3 d6 9. 0-0 0-0 10. Bg5 h6 11. Bh4 Be6 12. Qf3 Nbd7 13. h3 Qc7 14. Be2 d5 15. exd5 Nxd5 16. c4 N5b6 17. c5 Nxc5 18. Nxc5 Qxc5 19. Bg3 f5 20. Qe3 Qxe3 21. fxe3 Nc4 22. Bxc4 Bxc4 23. Rfe1 Rae8 24. a4 Rf7 25. a5 g5 26. Ra4 Bb5 27. Rb4 f4 28. Bf2 Rc7 29. Rb2 Rc3 30. exf4 gxf4 0-1

[Event "Pan American-ch U18 Girls"]
[Site "Santiago de Chile"]
[Date "2018.07.22"]
[Round "1"]
[White "Mostacero Velarde, Isabella Maribel"]
[Black "Cruz Lima, Kimberly Esmeralda"]
[Result "1-0"]
[WhiteElo "1944"]
[BlackElo "1646"]
[PlyCount "119"]
[EventDate "2018.07.22"]
[EventType "swiss"]
[EventRounds "9"]
[EventCountry "CHI"]
[SourceTitle "EXT 2022"]
[Source "ChessBase"]
[SourceDate "2021.10.06"]
[SourceVersion "1"]
[SourceVersionDate "2021.10.06"]
[SourceQuality "1"]

1. e4 c5 2. Nf3 Nc6 3. c4 d6 4. d4 cxd4 5. Nxd4 g6 6. Be3 Bg7 7. Be2 Nf6 8. Nc3 0-0 9. 0-0 a5 10. b3 Bd7 11. Rb1 Nxd4 12. Bxd4 Bc6 13. f3 Nd7 14. a3 b6 15. b4 axb4 16. axb4 Bb7 17. Rb3 Ne5 18. Be3 Ba6 19. b5 Bb7 20. f4 Nd7 21. Bf3 Nc5 22. Bxc5 dxc5 23. e5 Bxf3 24. gxf3 e6 25. Ne4 Ra4 26. Rd3 Qa8 27. Nd6 Ra3 28. Rxa3 Qxa3 29. Qe2 Bh6 30. Qe4 Qa8 31. Qe3 Rd8 32. Rd1 Bf8 33. Rd2 Qb8 34. Ne4 Be7 35. Nf6+ Kg7 36. Ng4 Qa8 37. f5 exf5 38. Rxd8 Qxd8 39. Nf2 f6 40. e6 Kf8 41. Nd3 Qd4 42. Qxd4 cxd4 43. Nf4 Bc5 44. Nd5 h5 45. h4 g5 46. Nxf6 gxh4 47. Nxh5 Ke7 48. Nf4 Kf6 49. Kf1 h3 50. Nxh3 Kxe6 51. Nf4+ Ke5 52. Nd3+ Kd6 53. Kg2 Ke6 54. Kh3 Bd6 55. Kh4 Kf6 56. Kh5 Bf8 57. Kh4 Be7 58. Kg3 Bd6+ 59. Kh3 Kg6 60. Kg2 1-0

[Event "Pan American-ch U20 Girls"]
[Site "Guayaquil"]
[Date "2018.06.23"]
[Round "7"]
[White "Mostacero Velarde, Isabella Maribel"]
[Black "Cervantes Landeiro, Thalia"]
[Result "0-1"]
[WhiteElo "1827"]
[BlackElo "2087"]
[PlyCount "100"]
[EventDate "2018.06.19"]
[EventType "swiss"]
[EventRounds "9"]
[EventCountry "ECU"]
[SourceTitle "EXT 2019"]
[Source "ChessBase"]
[SourceDate "2018.10.10"]
[SourceVersion "1"]
[SourceVersionDate "2018.10.10"]
[SourceQuality "1"]

1. e4 e5 2. Nf3 Nc6 3. Bb5 Nf6 4. d3 Bc5 5. Bxc6 dxc6 6. h3 Nd7 7. Be3 Bd6 8. Nc3 a5 9. Nd2 a4 10. Nc4 b5 11. Nxd6+ cxd6 12. 0-0 0-0 13. f4 exf4 14. Rxf4 Ne5 15. Qf1 Ng6 16. Rf2 Be6 17. a3 Qd7 18. d4 Bc4 19. Qd1 f5 20. b3 f4 21. bxc4 fxe3 22. Rxf8+ Rxf8 23. Qe2 Nf4 24. Qxe3 bxc4 25. Ne2 Nxe2+ 26. Qxe2 d5 27. e5 Qa7 28. Qg4 c5 29. Qe6+ Qf7 30. Qxf7+ Rxf7 31. e6 Rc7 32. dxc5 Rxc5 33. c3 Rc6 34. Re1 Kf8 35. e7+ Ke8 36. Re5 d4 37. Kf2 dxc3 38. Re3 c2 39. Rc3 Kxe7 40. Rxc2 Kd6 41. Ke3 Kc5 42. Rf2 Rf6 43. Rb2 Rd6 44. Rb8 Rd3+ 45. Ke4 Rxa3 46. Rc8+ Kb4 47. Rb8+ Kc3 48. Rb7 Ra1 49. Rxg7 a3 50. Kd5 Rd1+ 0-1

[Event "Pan American-ch U20 Girls"]
[Site "Guayaquil"]
[Date "2018.06.22"]
[Round "6"]
[White "Puppi Lazo, Stephanie Beatriz"]
[Black "Mostacero Velarde, Isabella Maribel"]
[Result "0-1"]
[WhiteElo "1832"]
[BlackElo "1827"]
[PlyCount "152"]
[EventDate "2018.06.19"]
[EventType "swiss"]
[EventRounds "9"]
[EventCountry "ECU"]
[SourceTitle "EXT 2019"]
[Source "ChessBase"]
[SourceDate "2018.10.10"]
[SourceVersion "1"]
[SourceVersionDate "2018.10.10"]
[SourceQuality "1"]

1. e4 c5 2. Nf3 e6 3. Nc3 a6 4. Be2 d5 5. exd5 exd5 6. d4 Nf6 7. 0-0 cxd4 8. Nxd4 Nc6 9. Re1 Be7 10. Bf3 0-0 11. Be3 Re8 12. Nxc6 bxc6 13. Na4 Bf5 14. Rc1 Rb8 15. a3 c5 16. Bxc5 Bxc5 17. Rxe8+ Qxe8 18. Nxc5 Rxb2 19. Nd3 Ra2 20. Nb4 Rxa3 21. Nxd5 Nxd5 22. Bxd5 Rc3 23. Qe1 Qxe1+ 24. Rxe1 Kf8 25. h3 Rxc2 26. Ra1 Rc5 27. Bb3 Bd3 28. Kh2 Rc3 29. Bd5 Rc5 30. Bf3 a5 31. Ra3 Bc2 32. Ra1 a4 33. Rc1 a3 34. Bd1 a2 35. Ra1 Bxd1 36. Rxa2 Rc2 37. Ra1 Bh5 38. Kg3 g5 39. Ra5 h6 40. h4 f6 41. hxg5 hxg5 42. f4 Rc3+ 43. Kf2 Bg4 44. fxg5 f5 45. Ra7 Rc2+ 46. Kg3 Re2 47. Kf4 Re4+ 48. Kg3 Re7 49. Ra6 Kf7 50. g6+ Kg7 51. Kh4 Kh6 52. g7+ Kxg7 53. Kg5 Kf8 54. Kf6 Rf7+ 55. Kg6 Rg7+ 56. Kf6 Kg8 57. Ra1 Rb7 58. Ra6 Kh7 59. Kg5 Rg7+ 60. Kf4 Rg6 61. Ra7+ Kh6 62. Ra1 Re6 63. Ra4 Kh5 64. Rb4 Kh4 65. Ra4 Re2 66. g3+ Kh5 67. Rb4 Rf2+ 68. Ke5 Kg5 69. Rb3 Rf3 70. Rb8 Re3+ 71. Kd4 Rxg3 72. Rg8+ Kf4 73. Ra8 Rg1 74. Kd3 Rd1+ 75. Kc2 Rd5 76. Re8 Kf3 0-1

[Event "Pan American-ch U20 Girls"]
[Site "Guayaquil"]
[Date "2018.06.20"]
[Round "2"]
[White "Librelato, Kathie Goulart"]
[Black "Mostacero Velarde, Isabella Maribel"]
[Result "1/2-1/2"]
[WhiteElo "2072"]
[BlackElo "1827"]
[PlyCount "84"]
[EventDate "2018.06.19"]
[EventType "swiss"]
[EventRounds "9"]
[EventCountry "ECU"]
[SourceTitle "EXT 2019"]
[Source "ChessBase"]
[SourceDate "2018.10.10"]
[SourceVersion "1"]
[SourceVersionDate "2018.10.10"]
[SourceQuality "1"]

1. e4 c5 2. Nc3 e6 3. Nf3 Nf6 4. d4 cxd4 5. Nxd4 Bb4 6. e5 Ne4 7. Qg4 Nxc3 8. Qxg7 Rf8 9. a3 Nc6 10. axb4 Nxd4 11. bxc3 Nf5 12. Qf6 Qc7 13. Bd2 b6 14. Bd3 Bb7 15. Bxf5 exf5 16. 0-0-0 Qc6 17. f3 Qxf6 18. exf6 0-0-0 19. Rhe1 Rg8 20. Bf4 Rxg2 21. Re7 Bxf3 22. Rd4 Be4 23. Rc4+ Kb7 24. Rc7+ Ka6 25. Rxf7 Rdg8 26. Rg7 R2xg7 27. fxg7 Rxg7 28. c4 b5 29. cxb5+ Kxb5 30. Bd6 Bc6 31. Rxa7 Kc4 32. Kb2 Rg6 33. Be7 f4 34. Ra5 Bb5 35. Ra3 Kd4 36. Ra8 Ke4 37. Rf8 h5 38. Bc5 Rg2 39. Kc3 Rxh2 40. Rxf4+ Kxf4 41. Bd6+ Ke4 42. Bxh2 h4 1/2-1/2

[Event "Pan American-ch U20 Girls"]
[Site "Guayaquil"]
[Date "2018.06.20"]
[Round "3"]
[White "Mostacero Velarde, Isabella Maribel"]
[Black "Vittal, Sanjana"]
[Result "1/2-1/2"]
[WhiteElo "1827"]
[BlackElo "1945"]
[PlyCount "105"]
[EventDate "2018.06.19"]
[EventType "swiss"]
[EventRounds "9"]
[EventCountry "ECU"]
[SourceTitle "EXT 2019"]
[Source "ChessBase"]
[SourceDate "2018.10.10"]
[SourceVersion "1"]
[SourceVersionDate "2018.10.10"]
[SourceQuality "1"]

1. e4 e5 2. Nf3 Nc6 3. Nc3 Nf6 4. d4 exd4 5. Nxd4 Bb4 6. Nxc6 bxc6 7. Bd3 0-0 8. 0-0 d5 9. exd5 cxd5 10. Bg5 c6 11. h3 h6 12. Bh4 Rb8 13. Qf3 Bd6 14. Nd1 Be5 15. Rb1 Qd6 16. c3 Re8 17. Kh1 g6 18. Ne3 Bd7 19. Bc2 Nh7 20. Ng4 Bxg4 21. Qxg4 Nf6 22. Bxf6 Qxf6 23. f4 Bc7 24. h4 h5 25. Qh3 Re2 26. Bd3 Rexb2 27. Rxb2 Rxb2 28. f5 g5 29. hxg5 Qxg5 30. f6 Qg4 31. Qxg4+ hxg4 32. Bf5 Bg3 33. Bxg4 Rxa2 34. Bd7 c5 35. Kg1 Re2 36. Bc6 d4 37. cxd4 cxd4 38. Bb5 Re6 39. Ra1 Rxf6 40. Rxa7 Rb6 41. Bf1 Rf6 42. Ra3 Bf2+ 43. Kh2 Be3 44. Bd3 Rb6 45. Ra7 Bf2 46. g4 Rc6 47. Kg2 Be3 48. Kf3 Rf6+ 49. Kg3 Bf2+ 50. Kg2 Be3 51. Kg3 Bf4+ 52. Kg2 Rh6 53. Bc4 1/2-1/2

[Event "Lima Palma Memorial U1850 1st"]
[Site "Lima"]
[Date "2018.01.27"]
[Round "7.3"]
[White "Mostacero Velarde, Isabella Maribel"]
[Black "Sumi, Diego"]
[Result "1/2-1/2"]
[WhiteElo "1762"]
[BlackElo "1687"]
[PlyCount "38"]
[EventDate "2018.01.23"]
[EventType "swiss"]
[EventRounds "8"]
[EventCountry "PER"]
[SourceTitle "EXT 2024"]
[Source "ChessBase"]
[SourceDate "2023.10.10"]
[SourceVersion "1"]
[SourceVersionDate "2023.10.10"]
[SourceQuality "1"]

1. e4 c5 2. Nf3 d6 3. d4 cxd4 4. Qxd4 a6 5. c4 Nc6 6. Qd2 Nf6 7. Nc3 g6 8. b3 Bg7 9. Bb2 0-0 10. Bd3 Rb8 11. 0-0 Bg4 12. Be2 Qd7 13. h3 Bxf3 14. Bxf3 Ne5 15. Be2 Qc6 16. Nd5 Nxd5 17. exd5 Qc7 18. a4 b6 19. Kh1 Rfe8 1/2-1/2

[Event "Lima Palma Memorial U1850 1st"]
[Site "Lima"]
[Date "2018.01.25"]
[Round "4.1"]
[White "Chavez Sierra, Jorge Alberto"]
[Black "Mostacero Velarde, Isabella Maribel"]
[Result "0-1"]
[WhiteElo "1649"]
[BlackElo "1762"]
[PlyCount "78"]
[EventDate "2018.01.23"]
[EventType "swiss"]
[EventRounds "8"]
[EventCountry "PER"]
[SourceTitle "EXT 2024"]
[Source "ChessBase"]
[SourceDate "2023.10.10"]
[SourceVersion "1"]
[SourceVersionDate "2023.10.10"]
[SourceQuality "1"]

1. c4 g6 2. g3 Bg7 3. Bg2 d6 4. d4 Nc6 5. Nf3 e5 6. dxe5 dxe5 7. Qxd8+ Nxd8 8. Nc3 c6 9. 0-0 Ne7 10. Nd2 f5 11. Rb1 a5 12. b3 0-0 13. Bb2 Ne6 14. e3 e4 15. Ne2 b5 16. Bxg7 Kxg7 17. cxb5 cxb5 18. f3 Nd5 19. Kf2 Nc5 20. Nc1 Bb7 21. f4 Rad8 22. Rb2 Rd7 23. Re1 Rfd8 24. Nb1 Nb4 25. Bf1 Nbd3+ 26. Nxd3 exd3 27. Nd2 Ne4+ 28. Nxe4 fxe4 29. Rd1 Rc7 30. Ke1 Kf6 31. Bh3 Bc8 32. g4 Ke7 33. Kd2 h5 34. Bg2 Bxg4 35. Rc1 Rxc1 36. Kxc1 Bf5 37. Kd2 h4 38. b4 a4 39. a3 g5 0-1

[Event "Wch U16 Girls"]
[Site "Montevideo"]
[Date "2017.09.22"]
[Round "7"]
[White "Belmonte, Dulce"]
[Black "Mostacero Velarde, Isabella Maribel"]
[Result "1/2-1/2"]
[WhiteElo "1562"]
[BlackElo "1760"]
[PlyCount "56"]
[EventDate "2017.09.17"]
[EventType "swiss"]
[EventRounds "11"]
[EventCountry "URU"]
[SourceTitle "CBM 180 Extra"]
[Source "ChessBase"]
[SourceDate "2017.10.06"]
[SourceVersion "1"]
[SourceVersionDate "2017.10.06"]
[SourceQuality "1"]

1. d4 g6 2. c4 Bg7 3. Nf3 d6 4. g3 Nd7 5. Bg2 e5 6. Nc3 Ne7 7. e4 exd4 8. Nxd4 Nc6 9. Be3 0-0 10. Nxc6 bxc6 11. 0-0 a5 12. Bd4 Ne5 13. f4 Bg4 14. Qa4 Nf3+ 15. Bxf3 Bxd4+ 16. Kh1 Bxf3+ 17. Rxf3 c5 18. Qc2 c6 19. Rd1 Qb6 20. b3 Rfd8 21. Rfd3 Qc7 22. Ne2 Bg7 23. Qd2 Re8 24. Nc3 Bd4 25. Ne2 Rxe4 26. Nxd4 cxd4 27. Rxd4 Rxd4 28. Qxd4 Rd8 1/2-1/2

[Event "Wch U16 Girls"]
[Site "Montevideo"]
[Date "2017.09.19"]
[Round "4"]
[White "Urh, Zala"]
[Black "Mostacero Velarde, Isabella Maribel"]
[Result "1/2-1/2"]
[WhiteElo "2096"]
[BlackElo "1760"]
[PlyCount "70"]
[EventDate "2017.09.17"]
[EventType "swiss"]
[EventRounds "11"]
[EventCountry "URU"]
[SourceTitle "CBM 180 Extra"]
[Source "ChessBase"]
[SourceDate "2017.10.06"]
[SourceVersion "1"]
[SourceVersionDate "2017.10.06"]
[SourceQuality "1"]

1. d4 Nf6 2. c4 e6 3. Nc3 Bb4 4. Nf3 c5 5. g3 Bxc3+ 6. bxc3 Qa5 7. Bd2 b6 8. Bg2 Bb7 9. 0-0 h6 10. Ne5 Bxg2 11. Kxg2 d6 12. Nd3 0-0 13. f3 Qa6 14. Nb2 Rc8 15. Bf4 Qa3 16. Qb3 Qxb3 17. axb3 Nc6 18. Rfd1 cxd4 19. cxd4 e5 20. dxe5 dxe5 21. Be3 Re8 22. Rd6 Nb4 23. Rc1 Rad8 24. Rxd8 Rxd8 25. Rd1 Rxd1 26. Nxd1 Nc2 27. Kf2 Nxe3 28. Kxe3 Kf8 29. Kd3 Ke7 30. Ne3 Ke6 31. Kc3 Nd7 32. Nd5 Kd6 33. Ne3 g6 34. Ng4 h5 35. Ne3 Nc5 1/2-1/2

[Event "Pan American-ch U16 Girls"]
[Site "San Jose"]
[Date "2017.07.02"]
[Round "2"]
[White "Mostacero Velarde, Isabella Maribel"]
[Black "Granados Ortiz, Maria Jose"]
[Result "1-0"]
[WhiteElo "1858"]
[BlackElo "1609"]
[PlyCount "65"]
[EventDate "2017.07.01"]
[EventType "swiss"]
[EventRounds "9"]
[EventCountry "CRI"]
[SourceTitle "EXT 2022"]
[Source "ChessBase"]
[SourceDate "2021.10.06"]
[SourceVersion "1"]
[SourceVersionDate "2021.10.06"]
[SourceQuality "1"]

1. e4 Nf6 2. e5 Nd5 3. d4 d6 4. c4 Nb6 5. exd6 exd6 6. Nc3 Be7 7. Be3 Bf5 8. Rc1 Nc6 9. b3 0-0 10. Nf3 Bf6 11. Be2 Ne7 12. 0-0 d5 13. a4 dxc4 14. bxc4 Bg4 15. Ne4 Nc6 16. Nxf6+ Qxf6 17. d5 Ne5 18. Nxe5 Bxe2 19. Qxe2 Qxe5 20. a5 Nc8 21. Qf3 b6 22. Bf4 Qe7 23. Rfe1 Qd7 24. axb6 axb6 25. Qg3 Ra7 26. Ra1 Re8 27. Rxe8+ Qxe8 28. Rc1 Ra4 29. h3 c6 30. Bh6 g6 31. Qc3 f6 32. Qxf6 Qf7 33. Qd8+ 1-0

[Event "Lima-ch U16 Damas A"]
[Site "Lima"]
[Date "2017.01.13"]
[Round "3.3"]
[White "Arauco Celestino, Arianna Sofia"]
[Black "Mostacero Velarde, Isabella Maribel"]
[Result "0-1"]
[WhiteElo "1523"]
[BlackElo "1767"]
[PlyCount "148"]
[EventDate "2017.01.12"]
[EventType "swiss"]
[EventRounds "7"]
[EventCountry "PER"]
[SourceTitle "EXT 2024"]
[Source "ChessBase"]
[SourceDate "2023.10.10"]
[SourceVersion "1"]
[SourceVersionDate "2023.10.10"]
[SourceQuality "1"]

1. d4 Nf6 2. Nf3 g6 3. e3 Bg7 4. Be2 0-0 5. b3 d6 6. Bb2 Nc6 7. 0-0 Nd7 8. c4 e5 9. Nc3 f5 10. Rc1 g5 11. dxe5 Ncxe5 12. Na4 g4 13. Nd4 Rf6 14. f4 gxf3 15. Bxf3 Bh6 16. Bd5+ Kh8 17. Nxf5 Rxf5 18. Rxf5 Bxe3+ 19. Kh1 Nf6 20. Rxe5 dxe5 21. Rb1 Bf5 22. Ra1 Qe7 23. Bxb7 Ng4 24. Qf3 Rf8 25. Rf1 Rf6 26. Qe2 Nf2+ 27. Kg1 Ng4+ 28. Kh1 Qd6 29. Rf3 Nf2+ 30. Kg1 Nd1+ 31. Kh1 Nf2+ 32. Kg1 Ng4+ 33. Kh1 Kg8 34. Bd5+ Kf8 35. Rxe3 Nxe3 36. Qxe3 Be4 37. Qe2 Bxd5 38. cxd5 Qxd5 39. h3 Rf5 40. Nc3 Qf7 41. Ba3+ Kg8 42. Qc4 Qxc4 43. bxc4 Rf2 44. c5 Rc2 45. Bb4 c6 46. a3 Kf7 47. Kh2 Ke6 48. Kg3 Rc1 49. Kg4 Rg1 50. g3 h5+ 51. Kxh5 Rxg3 52. Kh4 Rg8 53. Ne4 Kf5 54. Nd6+ Kf4 55. Bd2+ Kf3 56. Nf7 Ke2 57. Bb4 e4 58. Ng5 e3 59. Kg4 Kf2 60. Kf4 Rf8+ 61. Ke4 e2 62. Ke5 Rb8 63. Bd2 Rb2 64. Ba5 Rb5 65. Bd2 Rxc5+ 66. Kf4 Rc4+ 67. Ne4+ Kg2 68. Ke3 Kxh3 69. Nc3 Kg4 70. Kxe2 Kf5 71. Kd3 Rh4 72. Be3 a6 73. Bd4 Ke6 74. Nb1 Kd6 0-1

[Event "South America-ch U16 Girls 13th"]
[Site "Santiago de Chile"]
[Date "2016.12.04"]
[Round "6"]
[White "Mostacero Velarde, Isabella Maribel"]
[Black "Campos Toledo, Andrea Celeste"]
[Result "0-1"]
[WhiteElo "1711"]
[BlackElo "1684"]
[PlyCount "142"]
[EventDate "2016.12.01"]
[EventType "swiss"]
[EventRounds "9"]
[EventCountry "CHI"]
[SourceTitle "EXT 2018"]
[Source "ChessBase"]
[SourceDate "2017.10.13"]
[SourceVersion "1"]
[SourceVersionDate "2017.10.13"]
[SourceQuality "1"]

1. e4 c5 2. Nf3 d6 3. d4 cxd4 4. Qxd4 Nc6 5. Bb5 Bd7 6. Bxc6 Bxc6 7. Nc3 e5 8. Qd3 Nf6 9. Bg5 Be7 10. Rd1 Qa5 11. 0-0 0-0-0 12. Qc4 Rdf8 13. Bxf6 gxf6 14. Nh4 Qc5 15. Qd3 Rd8 16. Nf5 Bf8 17. Qh3 Kb8 18. Qh4 Rd7 19. Rd3 Kc7 20. Rg3 Be7 21. Nxe7 Rxe7 22. Qxf6 Rhe8 23. Rd1 Qb4 24. b3 Rd7 25. Qf5 h6 26. h3 Re6 27. Nd5+ Bxd5 28. exd5 Ree7 29. c4 Qa5 30. Qf6 Qxa2 31. c5 Re8 32. cxd6+ Kb8 33. Re1 a5 34. Kh2 Qa3 35. Rxe5 Rxe5 36. Qxe5 Qxd6 37. Qxd6+ Rxd6 38. Rd3 Kc7 39. Kg3 Rg6+ 40. Kf3 Kd6 41. g4 Rg5 42. h4 Rxd5 43. Rc3 b5 44. Kf4 a4 45. bxa4 bxa4 46. Ra3 Ra5 47. Ke4 Kc5 48. g5 hxg5 49. h5 f5+ 50. Kd3 Kb4 51. Ra1 Rd5+ 52. Kc2 Rc5+ 53. Kb2 Rc8 54. h6 Rh8 55. Rh1 Rh7 56. f3 Kc4 57. Rh5 f4 58. Ka3 Kd3 59. Kxa4 Ke3 60. Kb4 Kxf3 61. Rxg5 Rxh6 62. Kc4 Rd6 63. Rg8 Kf2 64. Kc3 f3 65. Kc2 Kf1 66. Rg7 f2 67. Rg8 Rd5 68. Rg7 Ke2 69. Re7+ Kf3 70. Rf7+ Kg3 71. Rf8 Rd4 0-1

[Event "Lima Palma Memorial 2nd"]
[Site "Lima"]
[Date "2016.09.25"]
[Round "6.7"]
[White "Garcia Contreras, Ana Claudia De"]
[Black "Mostacero Velarde, Isabella Maribel"]
[Result "1/2-1/2"]
[WhiteElo "1763"]
[BlackElo "1651"]
[PlyCount "51"]
[EventDate "2016.09.09"]
[EventType "swiss"]
[EventRounds "7"]
[EventCountry "PER"]
[SourceTitle "EXT 2024"]
[Source "ChessBase"]
[SourceDate "2023.10.10"]
[SourceVersion "1"]
[SourceVersionDate "2023.10.10"]
[SourceQuality "1"]

1. e4 d6 2. d4 Nf6 3. Nc3 c6 4. f4 Qa5 5. Bd3 e5 6. Nf3 Bg4 7. Bd2 Bxf3 8. Qxf3 exd4 9. Nb5 Qb6 10. e5 Nfd7 11. Nxd6+ Bxd6 12. exd6 0-0 13. 0-0-0 Nc5 14. Bc4 Qd8 15. f5 b5 16. Bxb5 Qb6 17. Bc4 Nbd7 18. Qg3 Kh8 19. Bf4 Rab8 20. Qa3 a5 21. Rhe1 Na4 22. Bb3 Nac5 23. Bc4 Na4 24. Bb3 Nac5 25. Bc4 Na4 26. Bb3 1/2-1/2

[Event "Pan American-ch U16 Girls 27th"]
[Site "Montevideo"]
[Date "2016.07.30"]
[Round "8"]
[White "Vildosola Canales, Melany Selena"]
[Black "Mostacero Velarde, Isabella Maribel"]
[Result "0-1"]
[WhiteElo "1610"]
[BlackElo "1651"]
[PlyCount "96"]
[EventDate "2016.07.25"]
[EventType "swiss"]
[EventRounds "9"]
[EventCountry "URU"]
[SourceTitle "EXT 2017"]
[Source "ChessBase"]
[SourceDate "2016.10.25"]
[SourceVersion "1"]
[SourceVersionDate "2016.10.25"]
[SourceQuality "1"]

1. e4 c5 2. Nf3 e6 3. d4 cxd4 4. Nxd4 a6 5. c4 Nf6 6. Bd3 Nc6 7. Nxc6 dxc6 8. 0-0 Be7 9. Be3 e5 10. f3 0-0 11. Nc3 Qc7 12. c5 Be6 13. b4 Rfd8 14. Qe2 Nd7 15. Na4 a5 16. a3 Bb3 17. Bc2 Bxa4 18. Bxa4 b5 19. Bb3 a4 20. Bc2 Nf8 21. Rad1 Ng6 22. g3 Rxd1 23. Rxd1 Rd8 24. Rxd8+ Bxd8 25. Qd2 Kf8 26. Kf2 Ke8 27. Bg5 Bxg5 28. Qxg5 Qd6 29. Qf5 Qd2+ 30. Kg1 Qc1+ 31. Kg2 Qxc2+ 32. Kh3 Qa2 33. Qc8+ Ke7 34. Qc7+ Kf6 35. Qd8+ Ne7 36. g4 Qe6 37. Kg3 Kg6 38. h4 h6 39. Qh8 Qc8 40. h5+ Kf6 41. Qh7 Qg8 42. Qxg8 Nxg8 43. f4 exf4+ 44. Kxf4 Ke6 45. e5 Ne7 46. Ke4 Nd5 47. Kd4 f6 48. exf6 Nxf6 0-1

[Event "Pan American-ch U16 Girls 27th"]
[Site "Montevideo"]
[Date "2016.07.26"]
[Round "2"]
[White "Vittal, Sanjana"]
[Black "Mostacero Velarde, Isabella Maribel"]
[Result "1/2-1/2"]
[WhiteElo "1643"]
[BlackElo "1651"]
[PlyCount "165"]
[EventDate "2016.07.25"]
[EventType "swiss"]
[EventRounds "9"]
[EventCountry "URU"]
[SourceTitle "EXT 2017"]
[Source "ChessBase"]
[SourceDate "2016.10.25"]
[SourceVersion "1"]
[SourceVersionDate "2016.10.25"]
[SourceQuality "1"]

1. e4 c5 2. Nc3 e6 3. Nf3 a6 4. d4 cxd4 5. Nxd4 Qc7 6. Bd3 Nf6 7. 0-0 Bd6 8. f4 Bc5 9. Be3 Nc6 10. Be2 b5 11. Bf3 0-0 12. Nce2 e5 13. fxe5 Nxe5 14. Kh1 Qb6 15. Bg1 Bb7 16. Ng3 Rfe8 17. c3 Qa7 18. b4 Bb6 19. a4 bxa4 20. Rxa4 Qb8 21. Ndf5 Bxg1 22. Kxg1 Nxf3+ 23. gxf3 d5 24. Qd4 Qe5 25. Qxe5 Rxe5 26. f4 Re6 27. e5 Ne8 28. Nd4 Re7 29. Ngf5 Rc7 30. Rf3 g6 31. Ng3 Rc4 32. Ra3 Nc7 33. f5 Re8 34. Re3 Bc8 35. Kf2 gxf5 36. Ngxf5 Bxf5 37. Nxf5 Rf4+ 38. Rf3 Rxf3+ 39. Kxf3 Rxe5 40. Nd4 Rh5 41. Kg3 Kg7 42. Ra5 Kf6 43. Rc5 Ne6 44. Nxe6 fxe6 45. Ra5 Ke5 46. Rxa6 Rg5+ 47. Kf3 Rf5+ 48. Kg3 Rf7 49. Ra2 Rc7 50. Ra3 Ke4 51. b5 Rb7 52. Ra6 e5 53. Rh6 Ke3 54. b6 d4 55. cxd4 exd4 56. Re6+ Kd2 57. Kf3 d3 58. Rd6 Kc2 59. Rc6+ Kd1 60. Rd6 d2 61. Kf2 Rf7+ 62. Kg2 h5 63. h4 Rf4 64. b7 Rb4 65. Rd7 Kc1 66. Rc7+ Kb2 67. Rd7 Kc2 68. Rc7+ Kd3 69. Rd7+ Ke3 70. Re7+ Kf4 71. Rd7 Rb2 72. Kf1 Rxb7 73. Rxd2 Kg3 74. Rd4 Rb1+ 75. Ke2 Rh1 76. Ke3 Re1+ 77. Kd2 Re6 78. Rc4 Kh3 79. Kd3 Rg6 80. Ke3 Rg4 81. Rc1 Kxh4 82. Kf2 Rb4 83. Kf3 1/2-1/2

[Event "PER-ch U20"]
[Site "Lima"]
[Date "2016.04.23"]
[Round "8"]
[White "Mostacero Velarde, Isabella Maribel"]
[Black "Arevalo Salazar, Diego"]
[Result "1-0"]
[WhiteElo "1653"]
[BlackElo "1275"]
[PlyCount "85"]
[EventDate "2016.04.20"]
[EventType "swiss"]
[EventRounds "9"]
[EventCountry "PER"]
[SourceTitle "CBM 172 Extra"]
[Source "ChessBase"]
[SourceDate "2016.06.21"]
[SourceVersion "1"]
[SourceVersionDate "2016.06.21"]
[SourceQuality "1"]

1. e4 d6 2. d4 Nf6 3. Nc3 g6 4. f4 Bg7 5. Nf3 Nbd7 6. e5 dxe5 7. dxe5 Ng8 8. Bc4 e6 9. Ng5 Ne7 10. Bxe6 Kf8 11. Nxf7 Qe8 12. Nxh8 Bxh8 13. 0-0 Nc5 14. Bxc8 Qxc8 15. Be3 Ne6 16. g4 Ng7 17. Bc5 Ke8 18. Ne4 Kf7 19. Ng5+ Ke8 20. Nxh7 b6 21. Nf6+ Kf7 22. Bb4 c5 23. Ne4 Kg8 24. Bc3 Qb7 25. Nd6 Qc6 26. Qf3 Qxf3 27. Rxf3 Nd5 28. Bd2 Ne6 29. c4 Ndc7 30. Bc3 Rf8 31. Raf1 Bg7 32. h4 a6 33. f5 gxf5 34. gxf5 Nd8 35. e6 Bxc3 36. e7 Bd4+ 37. Kh1 Re8 38. Nxe8 Nc6 39. Nxc7 Nxe7 40. f6 Ng6 41. f7+ Kg7 42. Ne6+ Kh7 43. h5 1-0